Tisseo Linéo 3 ( Toulouse ) - Statistiques

Statistiques générales
  • Ce quiz a été pris 19 fois
  • Le résultat moyen est 19 sur 28
Statistiques - réponses
Commune Correspondances Arret % Correct
Toulouse Eglise Lardenne
92%
Toulouse 46 Lardenne
92%
Plaisance du Touch 55, 67, 116 Plaisance Monestié
92%
Tournefeuille 48, 63, 116 Tournefeuille Lycée
92%
Toulouse T1, L2, 67 Hippodrome
85%
Tournefeuille 48, 63 Jean Gay
85%
Toulouse TER, A, T1, L2, L14, 18, 34, 67 Arènes
77%
Tournefeuille 21 Centre Commercial Tournefeuille
77%
Toulouse 67 Pont Rocade
77%
Tournefeuille 21, 25 Saint-Exupéry
77%
Toulouse L2, 67 Brombach
69%
Toulouse L2 Négogousses
69%
Tournefeuille Saint-Pierre
69%
Toulouse Tissié
69%
Tournefeuille 48, 63 Bordeneuve
62%
Toulouse Centre Aéré
62%
Tournefeuille 48, 63 Collège Labitrie
62%
Plaisance du Touch 116 Eglise Plaisance
62%
Tournefeuille 21, 63, 121 Les Chênes
62%
Tournefeuille 21, 121 Montel
62%
Tournefeuille Briqueterie
54%
Plaisance du Touch 116 Loti
54%
Tournefeuille Périgord
54%
Plaisance du Touch 116 Rivière Basse
54%
Tournefeuille Alpilles
46%
Tournefeuille Montagné
46%
Tournefeuille 21 Montjoie
46%
Plaisance du Touch 116 Prat Dessus
46%
Aucun quiz correspondant
Distribution des résultats
% des personnes avec chaque résultat
Percentile par nombre de réponses
Votre historique - résultats
Vous n’avez pas pris ce quiz